000 00371nam a2200145Ia 4500
008 230711s9999||||xx |||||||||||||| ||und||
041 _aENG
082 _a624
_bKH-I
100 _akhanna,A.S
245 0 _aIndian practical Civil Engineering
250 _a1st
260 _c1992
_aNew Delhi
_bTata McGraw Hill Education Limited
650 _aCivil Engineering
942 _cBK
999 _c2094
_d2094